¿Es el niño el centro de la educación? (Record no. 79538)

MARC details
000 -CABECERA
campo de control de longitud fija 00591nam a2200217 a 4500
005 - FECHA Y HORA DE LA ÚLTIMA TRANSACCIÓN
campo de control 20210219153536.0
008 - ELEMENTOS DE LONGITUD FIJA--INFORMACIÓN GENERAL
campo de control de longitud fija 991125n 000 0 u
035 ## - NÚMERO DE CONTROL DEL SISTEMA
Número de control de sistema UPN01000105585
100 ## - ASIENTO PRINCIPAL--NOMBRE PERSONAL
Nombre de persona LOPEZ ARANGUREN MARCOS, Luis Maria
222 ## - TÍTULO CLAVE
Título clave ESCUELA ESPAÑOLA :
Información calificativa REVISTA PROFESIONAL DE EDUCACION
245 ## - MENCIÓN DE TÍTULO
Título ¿Es el niño el centro de la educación?
300 ## - DESCRIPCIÓN FÍSICA
Extensión 20
362 ## - FECHAS DE PUBLICACIÓN Y/O DESIGNACIÓN SECUENCIAL
Fecha de publicación y/o designación secuencial 1990 Año 50, no. 3000, abr.
440 #0 - MENCIÓN DE SERIE/ASIENTO SECUNDARIO--TÍTULO
Título 452
653 0# - TERMINO DE INDIZACION - NO CONTROLADO
Término no controlado ENSEÑANZA
653 0# - TERMINO DE INDIZACION - NO CONTROLADO
Término no controlado ESPAÑA
653 0# - TERMINO DE INDIZACION - NO CONTROLADO
Término no controlado NIÑOS
653 0# - TERMINO DE INDIZACION - NO CONTROLADO
Término no controlado REFORMA EDUCATIVA
904 ## - ELEMENTOS DE DATOS D LOCAL, LDD (RLIN)
a AC
b 043396
905 ## - TIPO DE MATERIAL
Tipo de material Articulo

No items available.